000 00694nam a2200253Ia 4500
003 OSt
005 20220926013610.0
006 a|||||r|||| 00| 0
007 ta
008 220923b |||||||| |||| 00| 0 eng d
020 _a0471160687
037 _cGeneral Book
040 _aRTL
_cRTL
_beng
041 _2eng
_aeng
082 _aB28, L1;N9/TD
100 _aConover W J
_9297758
245 0 _aPractical non parametric statistics
250 _aEd 3
260 _aNew York
_bJohn Wiley
_c1999
300 _aviii, 584p Bibliography: P 474-504
_ccm.
650 _aStatistics
_935791
942 _hB28, L1;N9/TD
_cGB
_2CC
999 _c626390
_d626390